000 00618nam a2200181Ia 4500
008 090124s9999 xx 000 0 und d
082 _b130481
100 _aकुलकर्णी जी.ए.(गुरुनाथ आबाजी )
245 _a ओंजळधारा
250 _a2
260 _c1999
300 _a166
600 _aकुलकर्णी जी.ए.(गुरुनाथ आबाजी )
630 _a ओंजळधारा
700 _aकुलकर्णी जी.ए.(गुरुनाथ आबाजी )
730 _a ओंजळधारा
942 _cBOOK
999 _c176570
_d176570